000
00259 a2200121 4500
001
63576
082
_a
811.54 FIN
090
_c
37570
_d
37570
100
_a
Findley Timothy
245
_a
The Wars
260
_a
NY
_b
Delacorate Press
_c
1977
300
_a
226p
942
_a
NUST-CAE
_k
811.54 FIN
999
_c
298649
_d
298649